[Event "FIDE World Cup"]
[Site "Baku"]
[Date "2023.07.31"]
[Round "1.2"]
[White "Rehan, Deng Cypriano"]
[Black "Sindarov, Javokhir"]
[Result "0-1"]
[WhiteElo "2147"]
[BlackElo "2659"]
[PlyCount "106"]
[EventDate "2023.07.30"]
[EventType "k.o."]
[EventRounds "8"]
[EventCountry "AZE"]
[SourceTitle "EXT 2024"]
[Source "ChessBase"]
[SourceDate "2023.10.10"]
[SourceVersion "1"]
[SourceVersionDate "2023.10.10"]
[SourceQuality "1"]

1. d4 Nf6 2. Nf3 g6 3. c4 Bg7 4. Nc3 0-0 5. Bf4 d6 6. Qd2 c5 7. Bh6 cxd4 8. Nxd4 Bxh6 9. Qxh6 Nc6 10. 0-0-0 Ng4 11. Nxc6 bxc6 12. Qf4 Qa5 13. h3 Ne5 14. e3 Rb8 15. Qd4 Be6 16. f4 c5 17. Qd2 Nxc4 18. Bxc4 Bxc4 19. b3 Be6 20. Nd5 Qxd2+ 21. Rxd2 Bxd5 22. Rxd5 a5 23. Kb2 a4 24. Rc1 axb3 25. axb3 Rb4 26. Rc4 Rxc4 27. bxc4 Rb8+ 28. Kc3 Ra8 29. Kb2 Kf8 30. e4 Ke8 31. Rd1 Kd7 32. g4 Kc6 33. Kb3 e6 34. Re1 Ra7 35. Rd1 f5 36. gxf5 exf5 37. exf5 gxf5 38. Rd5 Rf7 39. h4 Kd7 40. Ka4 h5 41. Kb5 Rf8 42. Kb6 Rb8+ 43. Ka7 Rb4 44. Rxf5 Rxc4 45. Kb6 Rb4+ 46. Ka5 Kc6 47. Rf8 Rb1 48. Rc8+ Kd7 49. Rh8 c4 50. Ka4 c3 51. Rh7+ Kc6 52. Rh8 Kc7 53. Rh7+ Kb6 0-1

[Event "Olympiad-44"]
[Site "Chennai"]
[Date "2022.08.09"]
[Round "11.1"]
[White "Ayyad, Maher"]
[Black "Rehan, Deng Cypriano"]
[Result "0-1"]
[WhiteElo "2101"]
[BlackElo "2105"]
[PlyCount "80"]
[EventDate "2022.07.29"]
[EventType "team-swiss"]
[EventRounds "11"]
[EventCountry "IND"]
[SourceTitle "CBM 210"]
[Source "ChessBase"]
[SourceDate "2022.10.31"]
[SourceVersion "1"]
[SourceVersionDate "2022.10.31"]
[SourceQuality "1"]
[WhiteTeam "Bahrain"]
[BlackTeam "South Sudan"]
[WhiteTeamCountry "BHN"]
[BlackTeamCountry "SUD"]

1. d4 d5 2. Nf3 Nf6 3. g3 Bf5 4. Bg2 c6 5. 0-0 Nbd7 6. b3 h6 7. Bb2 e6 8. c4 Be7 9. Nc3 0-0 10. Nd2 Qb6 11. h3 Rfe8 12. e4 dxe4 13. Ndxe4 Nxe4 14. Nxe4 Nf6 15. Qe2 Nxe4 16. Bxe4 Bxh3 17. Rfd1 Bf5 18. Bxf5 exf5 19. Qf3 Bf6 20. Rab1 Rad8 21. d5 cxd5 22. Rxd5 Rxd5 23. Qxd5 Bxb2 24. Rxb2 f4 25. Kg2 Rd8 26. Qe4 fxg3 27. fxg3 Qc6 28. Qxc6 bxc6 29. c5 Kf8 30. b4 Ke7 31. Kf3 Rd3+ 32. Kf4 Ra3 33. Re2+ Kd8 34. Rd2+ Kc8 35. Re2 a5 36. bxa5 Rxa5 37. Rc2 Kd7 38. g4 Ke6 39. Kg3 Ra3+ 40. Kg2 Ke5 0-1

[Event "Olympiad-44"]
[Site "Chennai"]
[Date "2022.07.30"]
[Round "2.1"]
[White "Rehan, Deng Cypriano"]
[Black "Kovacova, Zuzana"]
[Result "1-0"]
[WhiteElo "2105"]
[BlackElo "2050"]
[PlyCount "77"]
[EventDate "2022.07.29"]
[EventType "team-swiss"]
[EventRounds "11"]
[EventCountry "IND"]
[SourceTitle "CBM 210"]
[Source "ChessBase"]
[SourceDate "2022.10.31"]
[SourceVersion "1"]
[SourceVersionDate "2022.10.31"]
[SourceQuality "1"]
[WhiteTeam "South Sudan"]
[BlackTeam "Bermuda"]
[WhiteTeamCountry "SUD"]
[BlackTeamCountry "BER"]

1. c4 e5 2. g3 Nc6 3. Bg2 d6 4. Nc3 Be6 5. d3 g6 6. Nf3 h6 7. d4 Bd7 8. d5 Nce7 9. c5 Bg7 10. cxd6 cxd6 11. Qb3 Qb8 12. e4 f5 13. 0-0 Nf6 14. Nd2 b5 15. a3 0-0 16. exf5 gxf5 17. Nf3 Kh8 18. Nh4 Qe8 19. Bd2 a5 20. Rfe1 Kh7 21. Rac1 Qb8 22. Ne2 Rc8 23. Nd4 a4 24. Qd1 e4 25. Ne6 Rxc1 26. Bxc1 Bh8 27. Qd2 Nfg8 28. Nxf5 Nxf5 29. Bxe4 Bxe6 30. dxe6 Qf8 31. Qd5 Nge7 32. Qxa8 Qxa8 33. Bxa8 d5 34. Rd1 Nd4 35. Be3 Nxe6 36. Bxd5 Nxd5 37. Rxd5 Bxb2 38. Rxb5 Bxa3 39. Ra5 1-0

[Event "Olympiad-44"]
[Site "Chennai"]
[Date "2022.07.29"]
[Round "1.1"]
[White "Sethuraman, SP."]
[Black "Rehan, Deng Cypriano"]
[Result "1-0"]
[WhiteElo "2623"]
[BlackElo "2105"]
[PlyCount "147"]
[EventDate "2022.07.29"]
[EventType "team-swiss"]
[EventRounds "11"]
[EventCountry "IND"]
[SourceTitle "CBM 210"]
[Source "ChessBase"]
[SourceDate "2022.10.31"]
[SourceVersion "1"]
[SourceVersionDate "2022.10.31"]
[SourceQuality "1"]
[WhiteTeam "India III"]
[BlackTeam "South Sudan"]
[WhiteTeamCountry "IND"]
[BlackTeamCountry "SUD"]

1. d4 d5 2. Nf3 e6 3. c4 f5 4. Nc3 Be7 5. Bf4 Nf6 6. e3 0-0 7. h3 c6 8. Qc2 Ne4 9. Be2 Nd7 10. a3 Rf7 11. h4 h6 12. h5 a6 13. Rc1 Qa5 14. 0-0 Qd8 15. Rfd1 Rf8 16. Qb3 Kh8 17. g3 Bg5 18. Kg2 Be7 19. Rh1 Bf6 20. Bd3 Re8 21. Ne2 Qe7 22. Qc2 Qf7 23. Bc7 Nf8 24. Be5 Nd7 25. Nf4 Nxe5 26. Nxe5 Bxe5 27. Ng6+ Kg8 28. Nxe5 Qf6 29. Bxe4 dxe4 30. Qb3 Kh7 31. c5 Rd8 32. Rc4 Rd5 33. Rb4 Qd8 34. Nc4 Rb8 35. Nb6 Qc7 36. Nxd5 exd5 37. Qd1 Be6 38. Rh4 Rf8 39. Kf1 Bc8 40. Ke1 Qe7 41. Kd2 Be6 42. Rb6 Bc8 43. Kc3 Rf6 44. Rh1 Rf7 45. Qg1 Kg8 46. Qd1 Qg5 47. Rh4 Kh7 48. a4 Qe7 49. b4 Rf6 50. Qb3 Qd8 51. Kb2 Rf8 52. b5 f4 53. Rxf4 Rxf4 54. exf4 axb5 55. axb5 Qf6 56. Qe3 Qf7 57. bxc6 bxc6 58. Rxc6 Bg4 59. Rb6 Qxh5 60. c6 Qh1 61. Rb4 Be6 62. Qe2 Qh3 63. c7 Qf5 64. Qc2 Qf6 65. Qc3 Qf5 66. Rb6 Bc8 67. Rd6 g5 68. Qc6 gxf4 69. Rxh6+ Kg7 70. gxf4 Bd7 71. Qd6 Bc8 72. Kc3 Bd7 73. Rf6 Qh3+ 74. Kb4 1-0

[Event "Juba olympiad qual"]
[Site "Juba"]
[Date "2022.05.17"]
[Round "11"]
[White "Wech, Adol Chol"]
[Black "Rehan, Deng Cypriano"]
[Result "0-1"]
[WhiteElo "1892"]
[BlackElo "2109"]
[PlyCount "48"]
[EventDate "2022.05.10"]
[EventType "tourn"]
[EventRounds "11"]
[EventCountry "SUD"]
[SourceTitle "CBM 208 Extra"]
[Source "ChessBase"]
[SourceDate "2022.07.31"]
[SourceVersion "1"]
[SourceVersionDate "2022.07.31"]
[SourceQuality "1"]

1. e4 e6 2. d4 d5 3. exd5 exd5 4. Bd3 Nf6 5. Ne2 Bd6 6. 0-0 h6 7. b3 0-0 8. c4 c6 9. Nbc3 Bg4 10. Qc2 Re8 11. f3 Be6 12. c5 Bc7 13. Bf4 Nbd7 14. Qd2 Nf8 15. b4 N6h7 16. a4 f5 17. b5 Bxf4 18. Nxf4 Qf6 19. Nfe2 Re7 20. Rae1 g5 21. Bc2 Rae8 22. bxc6 bxc6 23. Nd1 Bc8 24. Bd3 Ne6 0-1

[Event "UGA-ch op"]
[Site "Kampala"]
[Date "2017.11.11"]
[Round "6"]
[White "Rehan, Deng Cypriano"]
[Black "Kawuma, Patrick"]
[Result "0-1"]
[WhiteElo "1933"]
[BlackElo "2311"]
[PlyCount "94"]
[EventDate "2017.11.09"]
[EventType "swiss"]
[EventRounds "8"]
[EventCountry "UGA"]
[SourceTitle "EXT 2019"]
[Source "ChessBase"]
[SourceDate "2018.10.10"]
[SourceVersion "1"]
[SourceVersionDate "2018.10.10"]
[SourceQuality "1"]

1. c4 c5 2. Nf3 Nf6 3. g3 b6 4. Bg2 Bb7 5. Nc3 g6 6. b3 Bg7 7. Bb2 0-0 8. 0-0 d6 9. e3 Nbd7 10. d4 cxd4 11. exd4 Ne4 12. Re1 Nxc3 13. Bxc3 Rb8 14. Rc1 e6 15. Bb4 Nf6 16. Qd3 Re8 17. Rc2 Qc7 18. h3 Rbd8 19. Qe3 e5 20. dxe5 dxe5 21. Bc3 Ne4 22. Bb2 Nc5 23. Ba1 f5 24. b4 Be4 25. Rc3 Nd3 26. Rf1 Nxb4 27. a3 Nc2 28. Rxc2 Bxc2 29. Nd2 e4 30. Bxg7 Qxg7 31. Rc1 Qb2 32. Qe1 Bd3 33. Nf1 Bxf1 34. Bxf1 Qd2 35. Qxd2 Rxd2 36. c5 bxc5 37. Rxc5 e3 38. fxe3 Rxe3 39. g4 fxg4 40. hxg4 Re1 41. g5 Rdd1 42. Rc8+ Kf7 43. Rc7+ Ke6 44. Rc6+ Ke5 45. Rf6 Rxf1+ 46. Rxf1 Rxf1+ 47. Kxf1 Kf5 0-1

[Event "Olympiad-42"]
[Site "Baku"]
[Date "2016.09.13"]
[Round "11.1"]
[White "Wojciechowski, Paul"]
[Black "Rehan, Deng Cypriano"]
[Result "0-1"]
[WhiteElo "1992"]
[BlackElo "1899"]
[PlyCount "96"]
[EventDate "2016.09.02"]
[EventType "team-swiss"]
[EventRounds "11"]
[EventCountry "AZE"]
[SourceTitle "CBM 175"]
[Source "ChessBase"]
[SourceDate "2016.11.10"]
[SourceVersion "1"]
[SourceVersionDate "2016.11.10"]
[SourceQuality "1"]
[WhiteTeam "Jersey"]
[BlackTeam "South Sudan"]
[WhiteTeamCountry "GCI"]
[BlackTeamCountry "SUD"]

1. e4 d6 2. d4 g6 3. Nc3 Bg7 4. f4 c5 5. dxc5 Qa5 6. Qd3 Qxc5 7. Be3 Qb4 8. Qb5+ Nc6 9. Qxb4 Nxb4 10. Bd3 Bd7 11. Nge2 Nf6 12. 0-0-0 a6 13. h3 h5 14. Rhe1 Rc8 15. Kb1 Be6 16. Bd4 0-0 17. a3 Nc6 18. Be3 Bh6 19. Bf2 b5 20. f5 Bd7 21. Nd4 Ne5 22. Bg3 Rc5 23. Nb3 Rc7 24. Bxe5 dxe5 25. fxg6 fxg6 26. Nd5 Nxd5 27. exd5 Bf5 28. Rxe5 Bxd3 29. Rxd3 Rf1+ 30. Ka2 Rxc2 31. Nd4 Rxg2 32. Re2 Rxe2 33. Nxe2 Rf2 34. Nc3 Bc1 35. Nd1 Rd2 36. Rxd2 Bxd2 37. Kb3 Kf7 38. Nf2 Be3 39. Nd3 g5 40. a4 bxa4+ 41. Kxa4 Bd2 42. b4 Kf6 43. b5 axb5+ 44. Kxb5 Kf5 45. Kc4 g4 46. hxg4+ hxg4 47. Kd4 g3 48. Ne5 Bc3+ 0-1

[Event "Olympiad-42"]
[Site "Baku"]
[Date "2016.09.11"]
[Round "9.1"]
[White "Amin, Bassem"]
[Black "Rehan, Deng Cypriano"]
[Result "1-0"]
[WhiteElo "2661"]
[BlackElo "1899"]
[PlyCount "103"]
[EventDate "2016.09.02"]
[EventType "team-swiss"]
[EventRounds "11"]
[EventCountry "AZE"]
[SourceTitle "CBM 175"]
[Source "ChessBase"]
[SourceDate "2016.11.10"]
[SourceVersion "1"]
[SourceVersionDate "2016.11.10"]
[SourceQuality "1"]
[WhiteTeam "Egypt"]
[BlackTeam "South Sudan"]
[WhiteTeamCountry "EGY"]
[BlackTeamCountry "SUD"]

1. Nf3 Nf6 2. g3 g6 3. b3 Bg7 4. Bb2 b6 5. Bg2 Bb7 6. c4 0-0 7. d4 d6 8. 0-0 Nbd7 9. d5 c6 10. dxc6 Bxc6 11. Nc3 Ne4 12. Rc1 Nxc3 13. Bxc3 Nf6 14. Re1 Qc7 15. Qc2 Be4 16. Qb2 Rac8 17. Bh3 Rb8 18. Nd2 Bb7 19. e4 e5 20. Qc2 Rfe8 21. a4 h5 22. Nb1 a5 23. Bd2 Bc6 24. Nc3 Qb7 25. Rcd1 Nd7 26. Bg5 f6 27. Be3 Bf8 28. Bxd7 Qxd7 29. Nd5 Bxd5 30. Rxd5 Rec8 31. Rb5 Rc5 32. Bxc5 dxc5 33. Rd1 Qc6 34. Qd3 Be7 35. Qd5+ Qxd5 36. Rxd5 Kf8 37. Kf1 Ke8 38. Ke2 Rb7 39. f4 exf4 40. gxf4 Bd8 41. Rdxc5 Re7 42. Rc8 Kd7 43. Ra8 Bc7 44. Kf3 Rg7 45. Rd5+ Kc6 46. Rf8 f5 47. e5 g5 48. fxg5 Rxg5 49. e6 Bd6 50. Rc8+ Kb7 51. Rd8 Bb4 52. c5 1-0

[Event "Olympiad-42"]
[Site "Baku"]
[Date "2016.09.04"]
[Round "3.1"]
[White "Rehan, Deng Cypriano"]
[Black "Salim, Mohammed Salim Al"]
[Result "1-0"]
[WhiteElo "1899"]
[BlackElo "2050"]
[PlyCount "141"]
[EventDate "2016.09.02"]
[EventType "team-swiss"]
[EventRounds "11"]
[EventCountry "AZE"]
[SourceTitle "CBM 175"]
[Source "ChessBase"]
[SourceDate "2016.11.10"]
[SourceVersion "1"]
[SourceVersionDate "2016.11.10"]
[SourceQuality "1"]
[WhiteTeam "South Sudan"]
[BlackTeam "Oman"]
[WhiteTeamCountry "SUD"]
[BlackTeamCountry "OMN"]

1. c4 e5 2. g3 Nf6 3. Bg2 d5 4. cxd5 Nxd5 5. Nc3 Nb6 6. Nf3 Nc6 7. d3 Be7 8. 0-0 0-0 9. a3 a5 10. Be3 Be6 11. Rc1 a4 12. Bxb6 Bb3 13. Bxc7 Qxc7 14. Qd2 f5 15. Qe3 Ra5 16. Nd2 Rd8 17. Nxb3 axb3 18. Nb1 Bf6 19. Bxc6 bxc6 20. Nd2 Rb5 21. Nc4 h6 22. Qf3 Qd7 23. a4 Rb4 24. a5 Qe6 25. a6 e4 26. Qh5 Bg5 27. Ra1 f4 28. h3 Ra8 29. Qg4 Qxg4 30. hxg4 f3 31. exf3 exd3 32. Ne5 d2 33. Rfd1 Bf6 34. f4 Rd4 35. Nxc6 Rc4 36. Na5 Rc2 37. Nxb3 Rxb2 38. Rab1 Ra2 39. Rxd2 Rxd2 40. Nxd2 Rxa6 41. Ne4 Bd4 42. Rd1 Ra4 43. Kg2 Kf7 44. f5 Ke7 45. f4 Bb6 46. Nc3 Ra6 47. Nd5+ Kf7 48. Nxb6 Rxb6 49. g5 Rb5 50. Rd7+ Kg8 51. gxh6 gxh6 52. f6 Rf5 53. f7+ Kg7 54. Kf3 h5 55. Re7 Ra5 56. Kg2 h4 57. gxh4 Ra3 58. Rc7 Rb3 59. h5 Kf8 60. Rc5 Kxf7 61. Rg5 Kf6 62. h6 Rb7 63. Kf3 Rh7 64. Rh5 Kg6 65. Kg4 Kf6 66. Ra5 Rb7 67. Ra6+ Kf7 68. Kg5 Rc7 69. f5 Rb7 70. Ra8 Rb1 71. h7 1-0